Introduction to Automata theory, language and computation (Record no. 38674)
[ view plain ]
| 000 -LEADER | |
|---|---|
| fixed length control field | 00877 2200217 4500 |
| 008 - FIXED-LENGTH DATA ELEMENTS--GENERAL INFORMATION | |
| fixed length control field | 110726t xxu||||| |||| 00| 0 eng d |
| 020 ## - INTERNATIONAL STANDARD BOOK NUMBER | |
| International Standard Book Number | 0321476174 |
| 050 ## - LIBRARY OF CONGRESS CALL NUMBER | |
| Classification number | QA267 |
| Item number | .H67 2007 |
| 100 ## - MAIN ENTRY--PERSONAL NAME | |
| Personal name | Hopcroft, John E. |
| 245 ## - TITLE STATEMENT | |
| Title | Introduction to Automata theory, language and computation |
| Statement of responsibility, etc | John E. Hopcroft, Rajeev Motwani, Jeffrey D. Ullman |
| 250 ## - EDITION STATEMENT | |
| Edition statement | 3rd ed. |
| 260 ## - PUBLICATION, DISTRIBUTION, ETC. (IMPRINT) | |
| Name of publisher, distributor, etc | Pearson |
| Date of publication, distribution, etc | 2007 |
| Place of publication, distribution, etc | Boston |
| 300 ## - PHYSICAL DESCRIPTION | |
| Extent | Xvii,535p. |
| Dimensions | 24cm |
| 500 ## - GENERAL NOTE | |
| General note | Includes index |
| 650 ## - SUBJECT ADDED ENTRY--TOPICAL TERM | |
| Topical term following geographic name as entry element | Automata |
| 700 ## - ADDED ENTRY--PERSONAL NAME | |
| Personal name | Motwani,Rajeev |
| 700 ## - ADDED ENTRY--PERSONAL NAME | |
| Personal name | Ullman,Jeffrey D. |
| 942 ## - ADDED ENTRY ELEMENTS (KOHA) | |
| Item type | Book |
| Source of classification or shelving scheme | Library of Congress Classification |
| Withdrawn status | Lost status | Source of classification or shelving scheme | Damaged status | Not for loan | Collection code | Home library | Current library | Shelving location | Date acquired | Source of acquisition | Total Checkouts | Total Renewals | Full call number | Barcode | Date last borrowed | Copy number | Price effective from | Koha item type | Date last seen |
|---|---|---|---|---|---|---|---|---|---|---|---|---|---|---|---|---|---|---|---|
| Library of Congress Classification | Non-fiction | Bishop Okullu Memorial Library (Limuru Campus) | Bishop Okullu Memorial Library (Limuru Campus) | General Circulation | 26/07/2011 | purchase | 14 | 1 | QA267 .H67 2007 | 027234 | 01/11/2022 | 1 | 26/07/2011 | Book | |||||
| Library of Congress Classification | Non-fiction | Nairobi Campus | Nairobi Campus | General Circulation | 26/07/2011 | purchase | 7 | QA267 .H67 2007 | 027235 | 25/09/2023 | 2 | 26/07/2011 | Book | 11/10/2023 |